000 00313nam a22001337a 4500
008 170904b xxu||||| |||| 00| 0 eng d
020 _a2900205577674
041 _aeng
080 _25TH
_a070
100 _a40
101 _aMED
245 _aTELEVISION FIELD PRODUCTION AND REPORTING
_cSHOOK,F
942 _2udc
_cBK
999 _c25951
_d25951